| 000 | 01063nam a2200265 a 4500 | ||
|---|---|---|---|
| 001 | 000002528 | ||
| 003 | DO-SdBNP | ||
| 005 | 20251106123231.0 | ||
| 008 | 090702s2002 dr a r 000 0 spa d | ||
| 040 |
_aDO-SdBNP _bspa _cBNPHU |
||
| 082 |
_a352.43 _bR426p |
||
| 110 | 2 |
_aRepública Dominicana. _bSecretaría de Estado de Finanzas. _bPrograma de Administración Financiera Integrada _97938 |
|
| 245 | 1 | 0 | _aModelo conceptual sistema integrado de gestión financiera. |
| 246 | 1 | 4 |
_aControl interno: _bcontrol interno presupuesto, tesorería, contabilidad, crédito público |
| 260 |
_aSanto Domingo : _bSecretaría de Estado de Finanzas, _c2002. |
||
| 300 |
_a143 p. : _ail. ; _c27 cm. |
||
| 590 | _aInventariado, 2018/BT | ||
| 650 | 4 |
_aAdministración financiera _zRepública Dominicana _97939 |
|
| 650 | 4 |
_aPresupuesto _zRepública Dominicana _97940 |
|
| 650 | 0 |
_aFinanzas públicas _zRepública Dominicana _932168 |
|
| 650 | 4 |
_aAuditoria interna _97941 |
|
| 650 | 4 |
_aContabilidad _95846 |
|
| 910 | _aValidado. Control de calidad. MMOLINA | ||
| 942 |
_2ddc _cLBS1 |
||
| 999 |
_c2364 _d2364 |
||